Milliyetçilik ve emperyalizm yüzyılında Balkanlar ve Osmanlı Devleti (Record no. 9529)

MARC details
000 -BAŞLIK
Sabit Uzunlukta Kontrol Alanı 01288na a2200325 4500
001 - KONTROL NUMARASI
Denetim Alanı 15348
003 - KONTROL NUMARASI IDENTIFIER
Denetim Alanı MIRAKIL
005 - SON İŞLEM TARİHİ VE ZAMANI
Denetim Alanı 20181213155250.0
008 - SABİT-BOY VERİ ELEMANLARI - GENEL BİLGİLER
Sabit Uzunlukta Kontrol Alanı 161028b tu 000 0
020 ## - ULUSLARARASI STANDART KİTAP NUMARASI
Uluslararası Standart Kitap Numarası 9786053991908
035 ## - SİSTEM KONTROL NUMARASI
Sistem Kontrol Numarası 15348
040 ## - KATALOGLAMA KAYNAK
Orijinal Kataloglama Ajansı Milas
Kataloglama Dili tur
Metne Dönüştürmek Ajansı TR-AnCHP
041 ## - DİL KODU
Metin / Ses Parça Veya Ayrı Başlığın Dil Kodu tur
082 ## - DEWEY ONLU SINIFLANDIRMA NUMARASI
Sınıflandırma Numarası 956.10154
Ürün Numarası İ56 2005
090 ## - SINIFLAMA NUMARASI
Sınıflama Numarası 956.10154 İ56 2005
111 ## - ANA GİRİŞ - TOPLANTI ADI
Giriş Elemanı Olarak Toplantı Adı Veya Yargı Alanı Adı İmparatorluğun Çöküş Döneminde Osmanlı Ermenileri
Toplantının Yeri İstanbul Bilgi Üniversitesi, Dolapdere Kampüsü
Toplantı Veya Antlaşma İmzalandığı Tarihi 2005
245 ## - BAŞLIK TABLOSU
Başlık Milliyetçilik ve emperyalizm yüzyılında Balkanlar ve Osmanlı Devleti
Başlığın Kalan Bilimsel sorumluluk ve demokrasi sorunları
Sorumluluk Tablosu, Vb Sacit Kutlu; yayına hazırlayan Bora Bozatlı
246 ## - UNVAN FORM VARYING
Başlık Doğru / Kısa Başlığı Bilimsel sorumluluk ve demokrasi sorunları
260 ## - YAYIN, DAĞITIM, VB
Yayın, Dağıtım, Vb Yeri İstanbul
Yayıncı, Dağıtıcı, Vs Adı İstanbul Bilgi Üniversitesi Yayınları
Yayın, Dağıtım, Vb Tarihi 2011
300 ## - FİZİKSEL TANIM
Kapsam xxiii, 614 s.
Diğer Fiziksel Ayrıntıları res.
Boyutlar 24 sm.+ 1 CD
490 ## - SERİSİ TABLOSU
Seri Beyanı Tarih - Belge
Hacim / Ardışık Tanımı 3
490 ## - SERİSİ TABLOSU
Seri Beyanı İstanbul Bilgi Üniversitesi yayınları
Hacim / Ardışık Tanımı 333
504 ## - KAYNAKÇA VB NOT
Kaynakça Vb Notu Dizin var.
650 ## - KONU KATMA GİRİŞ - TOPİKAL DÖNEM
Topikal Süreli Veya Coğrafi Ad Giriş Elemanı Osmanlı İmparatorluğu
Genel Alt Bölümü Çöküş dönemi
650 ## - KONU KATMA GİRİŞ - TOPİKAL DÖNEM
Topikal Süreli Veya Coğrafi Ad Giriş Elemanı Ermeniler
Genel Alt Bölümü Etnik kimlik
Kronolojik Alt Bölümü Tarih
650 ## - KONU KATMA GİRİŞ - TOPİKAL DÖNEM
Topikal Süreli Veya Coğrafi Ad Giriş Elemanı Osmanlı Devleti
Genel Alt Bölümü Azınlıklar
Kronolojik Alt Bölümü Ermeniler
650 ## - KONU KATMA GİRİŞ - TOPİKAL DÖNEM
Topikal Süreli Veya Coğrafi Ad Giriş Elemanı Ermeniler
Genel Alt Bölümü Osmanlı İmparatorluğu
Kronolojik Alt Bölümü Türkiye
650 ## - KONU KATMA GİRİŞ - TOPİKAL DÖNEM
Topikal Süreli Veya Coğrafi Ad Giriş Elemanı Osmanlı İmparatorluğu
Genel Alt Bölümü Tarih
Coğrafi Alt Bölümü Türkiye
942 ## - EKLENDİ GİRİŞ ELEMANLARI (KOHA)
Sınıflandırma Veya Raf Düzeni Kaynak Dewey Decimal Classification
Koha Öğesi Türü Books
999 ## - SİSTEM KONTROL NUMARALARI (KOHA)
Koha Biblionumber 9529
Koha Biblioitemnumber 9529
Holdings
Kalıcı Konum Mevcut Konum Edinme Tarihi Edinim Kaynak Toplam Check-Out'Lar Tam Çağrı Numarası Barkod Tarih Son Görülme İtibaren Geçerli Fiyatlar Koha Öğesi Türü
CHP Kütüphanesi CHP Kütüphanesi 09/08/2016 Bağış   956.10154 İ56 2005 003373 09/08/2016 09/08/2016 Books